| 000 | 00644nam a2200217 a 4500 | ||
|---|---|---|---|
| 999 |
_c3705 _d3705 |
||
| 001 | 3705 | ||
| 003 | BD-JhCC | ||
| 005 | 20171116182926.0 | ||
| 008 | 171116s2014 bg |||| |||| 000 0 ben d | ||
| 035 | _a(BD-JhCC)3705 | ||
| 040 |
_aBD-JhCC _dBD-JhCC |
||
| 041 | _aben | ||
| 082 |
_a891.442 _bAHA 2014 |
||
| 100 | _aআহমেদ, হুমায়ূন | ||
| 245 |
_a১৯৭১ : _bমঞ্চ নাটক / _cহুমায়ূন আহমেদ. |
||
| 260 |
_aঢাকা : _bজ্ঞাকোষ প্রকাশনী, _c2014 |
||
| 300 |
_a48 P. : _c21 cm. |
||
| 650 | _aBengali Drama | ||
| 942 |
_2ddc _cBK |
||